Statistics for WWE Royal Rumble Winners

Click here to take the quiz!

General Stats

  • This quiz has been taken 281 times
    (27 since last reset)
  • The average score is 31 of 37

Answer Stats

YearAnswer% Correct
1991Hulk Hogan
95%
1990Hulk Hogan
95%
2007The Undertaker
95%
1994Bret Hart & Lex Luger
91%
2023Cody Rhodes
91%
2024Cody Rhodes
91%
2008John Cena
91%
2013John Cena
91%
2015Roman Reigns
91%
2019Seth Rollins
91%
2016Triple H
91%
2002Triple H
91%
2005Batista
86%
2014Batista
86%
2003Brock Lesnar
86%
2022Brock Lesnar
86%
2010Edge
86%
2021Edge
86%
1997Stone Cold Steve Austin
86%
2001Stone Cold Steve Austin
86%
1998Stone Cold Steve Austin
86%
2011Alberto Del Rio
82%
2017Randy Orton
82%
2009Randy Orton
82%
2006Rey Mysterio
82%
1992Ric Flair
82%
1996Shawn Michaels
82%
1995Shawn Michaels
82%
2012Sheamus
82%
2000The Rock
82%
1993Yokozuna
82%
2004Chris Benoit
77%
2018Shinsuke Nakamura
77%
1999Vince McMahon
77%
2020Drew McIntyre
73%
1988Jim Duggan
73%
1989Big John Studd
59%

Score Distribution

Percentile by Number Answered

Percent of People with Each Score

Your Score History

You have not taken this quiz since the last reset